000 00482nam a22001697a 4500
003 MACL
005 20160402125235.0
008 160402b xxu||||| |||| 00| 0 eng d
040 _cMACL
041 _aHindi
082 _a400
100 _aडॉ नरेश कुमार
_949613
245 _aमुहावरा एवं कहावत
260 _aदिल्‍ली
_bहर्षिता प्रकाशन
650 _aLanguage
_949992
942 _2ddc
_cHIN
999 _c53681
_d53681